Normal view
MARC view
- لعب الأطفال-اللعب ( علم نفس )
Entry Topical Term
001 - CONTROL NUMBER
- control field: 50192
003 - CONTROL NUMBER IDENTIFIER
- control field: JO-AjAnu
005 - DATE AND TIME OF LATEST TRANSACTION
- control field: 20230606082251.0
008 - FIXED-LENGTH DATA ELEMENTS
- fixed length control field: 230606|| aca||aabn | a|a d
040 ## - CATALOGING SOURCE
- Original cataloging agency: JO-AjAnu
- Transcribing agency: JO-AjAnu
150 ## - HEADING--TOPICAL TERM
- Topical term or geographic name entry element: لعب الأطفال-اللعب ( علم نفس )
670 ## - SOURCE DATA FOUND
- Source citation: Work cat.: (JO-AjAnu)25662: الخالدي، أحمد رشيد, author 50191, أهمية اللعب في حياة الأطفال الطبيعيين وذوي الإحتياجات الخاصة=The Importance Of game In The Life's Normal Children & For Adoptive Needs